000 00536nam a2200169 i 4500
001 117347
003 ES-MaACL
005 20230906190903.0
007 t|
008 070302s1919 sp |||| | spa d
100 1 _aPaz Soldán, Mariano Felipe.
_989787
245 1 0 _aHistoria del Perú independiente (1822-1827) /
_cMariano Felipe Paz Soldán.
260 _aMadrid :
_bPueyo,
_c1919.
300 _a2 v. ;
_c22 x 14 cm.
651 4 _aPerú-
_xHistoria-
_y1820-1829, Guerra de la Independencia.
_9155154
852 _aES-MaACL
_jC-1158-59
999 _c117347
_d117347